Zīle nesa kara vēsti

Titel: Zīle nesa kara vēsti : aizmirstie karavīri - latviešu strēlnieku priekšteči un citi latviešu karavīri Lielajā (Pirmajā pasaules) karā (1914-1918) / Arnis Kohs Jumītis
Verfasser:
Veröffentlicht: Rīga : Zvaigzne ABC, 2024
Umfang: 320 Seiten
Format: Buch
Sprache: Lettisch
Schriftenreihe/
mehrbändiges Werk:
Scripta bellica lettica ; 4. grāmata
Scripta bellica lettica. Saeculum XX ; 1
Schlagworte:
ISBN: 9789934324888
Buchumschlag
X
alg: 52796189
001A    $03004:11-03-25 
001B    $01999:04-12-25 $t22:17:49.000 
001D    $03004:27-10-25 
001U    $0utf8 
001X    $00 
002@    $0Aau 
002C    $aText $btxt $2rdacontent 
002D    $aohne Hilfsmittel zu benutzen $bn $2rdamedia 
002E    $aBand $bnc $2rdacarrier 
003@    $0527961892 
004A    $A9789934324888 
007A    $0527961892 $aHEB 
007G    $0 
009P    $qapplication/pdf $A2 $3Buch Bibliographie $uhttp://scans.hebis.de/HEBCGI/show.pl?52796189_bib.pdf $mV:DE-603;B:DE-Mb50 
009P    $qapplication/pdf $A2 $3Cover $uhttp://scans.hebis.de/HEBCGI/show.pl?52796189_cov.pdf $mV:DE-603;B:DE-Mb50 
009P    $qapplication/pdf $A2 $3Abstract $uhttp://scans.hebis.de/HEBCGI/show.pl?52796189_sum.pdf $mV:DE-603;B:DE-Mb50 
009P    $qapplication/pdf $A2 $3Inhaltsverzeichnis $uhttp://scans.hebis.de/HEBCGI/show.pl?52796189_toc.pdf $mV:DE-603;B:DE-Mb50 
010@    $alav 
010E    $erda 
011@    $a2024 $n2024 
021A    $aZīle nesa kara vēsti $daizmirstie karavīri - latviešu strēlnieku priekšteči un citi latviešu karavīri Lielajā (Pirmajā pasaules) karā (1914-1918) $hArnis Kohs Jumītis 
028A    $BVerfasser $#Jumītis, Arnis Kohs $#Kochs Jumitis, Arnis $#Kokhs Iumitis, Arnis $#Кохс Юмитис, Арнис $4aut $7118943959X $8Kohs Jumītis, Arnis [Tp3] $9450219372 
033A    $pRīga $nZvaigzne ABC 
034D    $a320 Seiten 
036E    $aScripta bellica lettica $l4. grāmata 
036E/01 $aScripta bellica lettica. Saeculum XX $l1 
044K    $RLettische Sozialistische Sowjetrepublik $RLettische Sozialistische Sowjetrepublik $#Lettland $#Lettland $#Lettland $#Latvija $#Latvijas Republika $#Lettische Republik $#République de Lettonie $#Republik Lettland $#Latwija $#Latvijas Republikas Tautas $#Republic of Latvia $#Latvijskaja Respublika $#Latvia $#Lettonie $#Łotwa $74074187-4 $8Lettland [Tg1] $9085208876 
044K    $RRussische SFSR $#Russland $#Russland $#Russische Föderation $#Rußland (vor 1917) $#Россия $#Rußland $#Krievija $#Federazione Russa $#RF $#Großrussland $#Großrußland $#Russia -1917; 1992- $#Rossijskaja Imperija $#Russie $#Empire de Russie $#Russian Federation $#Federacja Rosyjska $#Rosja $#Rossija $#Rossijskaja Federacija $#Russische Föderation $#RF Rossija $#Russia $#Russland -1917 ; 1992- $#Russisches Reich $#РФ $#Российская Федерация $#Российская Империя $74076899-5 $8Russland [Tgz] $9085217913 
044K    $RLettin $#Latvians $#Lettons $#Lette $#Letten $74111273-8 $8Letten [Ts1] $9085328669 
044K    $RRüstung $#Militari $#Militär $#Militär $#Heerwesen $#Kriegswesen $#Streitkräfte $#Wehrwesen $#Militärwesen $#Armee Militär $74039305-7 $8Militär [Tsz] $9085107107 
044K    $RWehrpflicht $#Servizio militare $#Wehrdienst $#Wehrdienst $#Wehrdienst $#Kriegsdienst $#Militärdienst $#Grundwehrdienst $74117605-4 $8Wehrdienst [Ts1] $9085363383 
044K    $RWeltkrieg $#World War, 1914-1918 $#Guerre mondiale (1914-1918) $#Weltkrieg 1914-1918 $#1. Weltkrieg $#I. Weltkrieg $#Weltkrieg I $74079163-4 $8Erster Weltkrieg [Tsz] $9085224588 
045F    $a355.009479609041 $eDDC23BSB 
045F/01 $a355.009 
045F/03 $f09041 
045F/03 $g4796 
045F/03 $g471 
045R    $aGeschichte 1914-1918 

lok: 52796189 24

exp: 52796189 24 1 #EPN
201B/01 $027-10-25 $t15:17:15.000 
201C/01 $011-03-25 
201U/01 $0utf8 
203@/01 $01294694294 
208@/01 $a27-10-25 $bz 
209A/01 $a25.02533 $du $f050 $h25 02533 $x00 
209C/01 $a25.02533 K $h25 02533 K 
209G/01 $a74860931 $x00 
220C/01 $acer 
247C/01 $8358050-7 Marburg, Bibliothek des Herder-Instituts Marburg $9102600961
LEADER 00000cam a2200000 c 4500
001 527961892
003 DE-603
005 20251204221749.0
007 tu
008 250311s2024 xx |||| | u00||u|lav c
020 |a 9789934324888 
035 |a (DE-599)HEB527961892 
040 |a DE-603  |b ger  |c DE-603  |d DE-603  |e rda 
041 |a lav 
082 0 4 |8 1\u  |a 355.009479609041  |q DE-101  |2 23/BSB 
085 |8 1\u  |b 355.009 
085 |8 1\u  |z 1  |s 09041 
085 |8 1\u  |z 2  |s 4796 
085 |8 1\u  |z 2  |s 471 
100 1 |a Kohs Jumītis, Arnis  |e Verfasser  |4 aut  |0 (DE-603)450219372  |0 (DE-588)118943959X  |2 gnd 
245 0 0 |a Zīle nesa kara vēsti  |b aizmirstie karavīri - latviešu strēlnieku priekšteči un citi latviešu karavīri Lielajā (Pirmajā pasaules) karā (1914-1918)  |c Arnis Kohs Jumītis 
264 1 |a Rīga  |b Zvaigzne ABC  |c 2024 
300 |a 320 Seiten 
336 |a Text  |b txt  |2 rdacontent 
337 |a ohne Hilfsmittel zu benutzen  |b n  |2 rdamedia 
338 |a Band  |b nc  |2 rdacarrier 
490 0 |a Scripta bellica lettica  |v 4. grāmata 
490 0 |a Scripta bellica lettica. Saeculum XX  |v 1 
648 7 |a Geschichte 1914-1918  |2 gnd 
650 7 |a Letten  |0 (DE-588)4111273-8  |0 (DE-603)085328669  |2 gnd 
650 7 |a Militär  |0 (DE-588)4039305-7  |0 (DE-603)085107107  |2 gnd 
650 7 |a Wehrdienst  |0 (DE-588)4117605-4  |0 (DE-603)085363383  |2 gnd 
650 7 |a Erster Weltkrieg  |0 (DE-588)4079163-4  |0 (DE-603)085224588  |2 gnd 
651 7 |a Lettland  |0 (DE-588)4074187-4  |0 (DE-603)085208876  |2 gnd 
651 7 |a Russland  |0 (DE-588)4076899-5  |0 (DE-603)085217913  |2 gnd 
856 4 2 |m V:DE-603;B:DE-Mb50  |q application/pdf  |u http://scans.hebis.de/HEBCGI/show.pl?52796189_bib.pdf  |3 Buch Bibliographie 
856 4 2 |m V:DE-603;B:DE-Mb50  |q application/pdf  |u http://scans.hebis.de/HEBCGI/show.pl?52796189_cov.pdf  |3 Cover 
856 4 2 |m V:DE-603;B:DE-Mb50  |q application/pdf  |u http://scans.hebis.de/HEBCGI/show.pl?52796189_sum.pdf  |3 Abstract 
856 4 2 |m V:DE-603;B:DE-Mb50  |q application/pdf  |u http://scans.hebis.de/HEBCGI/show.pl?52796189_toc.pdf  |3 Inhaltsverzeichnis 
924 0 |9 Mb 50  |a (DE-603)1294694294  |b DE-Mb50  |c HES  |d c  |g 25.02533